<?xml version="1.0" encoding="UTF-8"?>
<record
    xmlns:xsi="http://www.w3.org/2001/XMLSchema-instance"
    xsi:schemaLocation="http://www.loc.gov/MARC21/slim http://www.loc.gov/standards/marcxml/schema/MARC21slim.xsd"
    xmlns="http://www.loc.gov/MARC21/slim">

  <leader>00606nam a22001457a 4500</leader>
  <datafield tag="999" ind1=" " ind2=" ">
    <subfield code="c">127115</subfield>
    <subfield code="d">127115</subfield>
  </datafield>
  <controlfield tag="005">20220629103011.0</controlfield>
  <controlfield tag="008">220629b           ||||| |||| 00| 0 eng d</controlfield>
  <datafield tag="040" ind1=" " ind2=" ">
    <subfield code="c">PK-LaUMT</subfield>
  </datafield>
  <datafield tag="082" ind1=" " ind2=" ">
    <subfield code="a">APC 297.36</subfield>
    <subfield code="b">AME-A</subfield>
  </datafield>
  <datafield tag="100" ind1=" " ind2=" ">
    <subfield code="a">Ameer Khusroo Dahlavi = &#x627;&#x645;&#x6CC;&#x631; &#x62E;&#x633;&#x631;&#x648; &#x62F;&#x6C1;&#x644;&#x648;&#x6CC;</subfield>
  </datafield>
  <datafield tag="245" ind1=" " ind2=" ">
    <subfield code="a">Afzal ul fuwaid =  &#x627;&#x641;&#x636;&#x644; &#x627;&#x644;&#x641;&#x648;&#x627;&#x626;&#x62F; :</subfield>
    <subfield code="b"> &#x645;&#x644;&#x641;&#x648;&#x638;&#x627;&#x62A; &#x645;&#x62D;&#x628;&#x648;&#x628; &#x627;&#x644;&#x6C1;&#x6CC; &#x62E;&#x648;&#x627;&#x62C;&#x6C1; &#x646;&#x638;&#x627;&#x645; &#x627;&#x644;&#x62F;&#x6CC;&#x646; &#x627;&#x648;&#x644;&#x6CC;&#x627; &#x628;&#x62F;&#x627;&#x6CC;&#x648;&#x646;&#x6CC;  /</subfield>
    <subfield code="c">by Ameer Khusroo Dahlavi = &#x627;&#x645;&#x6CC;&#x631; &#x62E;&#x633;&#x631;&#x648; &#x62F;&#x6C1;&#x644;&#x648;&#x6CC; ; &#x645;&#x62A;&#x631;&#x62C;&#x645; &#x645;&#x62D;&#x645;&#x62F; &#x644;&#x637;&#x6CC;&#x641;</subfield>
  </datafield>
  <datafield tag="260" ind1=" " ind2=" ">
    <subfield code="a">Lahore :</subfield>
    <subfield code="b">Sajjad Publishers,</subfield>
    <subfield code="c">1960</subfield>
  </datafield>
  <datafield tag="300" ind1=" " ind2=" ">
    <subfield code="a">320 p.</subfield>
  </datafield>
  <datafield tag="942" ind1=" " ind2=" ">
    <subfield code="c">BK</subfield>
  </datafield>
  <datafield tag="952" ind1=" " ind2=" ">
    <subfield code="0">0</subfield>
    <subfield code="1">0</subfield>
    <subfield code="4">0</subfield>
    <subfield code="7">0</subfield>
    <subfield code="a">01</subfield>
    <subfield code="b">01</subfield>
    <subfield code="d">2022-06-29</subfield>
    <subfield code="l">0</subfield>
    <subfield code="o">APC 297.36 AME-A</subfield>
    <subfield code="p">143367</subfield>
    <subfield code="r">2022-06-29 00:00:00</subfield>
    <subfield code="w">2022-06-29</subfield>
    <subfield code="y">BK</subfield>
  </datafield>
</record>
